00560nam a22001697a 450000500170000001000150001702000260003203500130005803700130007108200120008410000180009624501230011425000170023726000310025427000830028530000220036820140926152404.0 aENG-110887 a9789351432074c540.00 aEN-94419 bDBAD/PUB a343.052 aDubey, Arvind aTaxation direct tax :cby Arvind Dubeybassessment year 2014-15 for CA-intermediate (IPC) November, 2014 examination / a11th rev. ed aGurgaonbLexis Nexisc2014 a14th Floor, Building No.10, Tower-B, DLF Cyber City, Phase-IIbGurgaone122002 a630p. c28cm(pbk)